| 000 | 00452nam a2200205Ia 4500 | ||
|---|---|---|---|
| 001 | 14168 | ||
| 003 | GE_BSU | ||
| 008 | 181216s||||||||xx |||||||||||||| ||und|| | ||
| 020 | _a0862730899 | ||
| 040 | _cGE_BSU | ||
| 080 | _a821.11.1-7 | ||
| 100 | _aReid, Jane | ||
| 245 | _aIt Can't Be True! | ||
| 245 | _cIllustrated by Bill Tidy | ||
| 260 | _aLondon | ||
| 260 | _c1983 | ||
| 300 | _a159p.ill.21cm. | ||
| 653 | _aIt Can't Be True! | ||
| 942 | _cBK | ||
| 999 |
_c47307 _d47307 |
||